<?xml version="1.0" encoding="UTF-8"?>
<record
    xmlns:xsi="http://www.w3.org/2001/XMLSchema-instance"
    xsi:schemaLocation="http://www.loc.gov/MARC21/slim http://www.loc.gov/standards/marcxml/schema/MARC21slim.xsd"
    xmlns="http://www.loc.gov/MARC21/slim">

  <leader>00639nam a2200181Ia 4500</leader>
  <controlfield tag="008">090123s9999    xx            000 0 und d</controlfield>
  <datafield tag="082" ind1=" " ind2=" ">
    <subfield code="b">3680</subfield>
    <subfield code="a">923.254/&#x920;&#x93E;&#x915;&#x930;&#x947;</subfield>
  </datafield>
  <datafield tag="100" ind1=" " ind2=" ">
    <subfield code="a">&#x920;&#x93E;&#x915;&#x930;&#x947; &#x92A;&#x94D;&#x930;&#x92C;&#x94B;&#x927;&#x928;&#x915;&#x93E;&#x930;</subfield>
  </datafield>
  <datafield tag="245" ind1=" " ind2=" ">
    <subfield code="a">&#x92E;&#x93E;&#x91D;&#x940; &#x91C;&#x940;&#x935;&#x928; &#x917;&#x93E;&#x925;&#x93E;</subfield>
  </datafield>
  <datafield tag="250" ind1=" " ind2=" ">
    <subfield code="a">1</subfield>
  </datafield>
  <datafield tag="260" ind1=" " ind2=" ">
    <subfield code="b">&#x938;&#x94B;&#x92E;&#x92F;&#x94D;&#x92F;&#x93E; &#x92A;&#x92C;&#x94D;&#x932;&#x93F;&#x915;&#x94B;&#x936;&#x928;</subfield>
    <subfield code="c">1974</subfield>
  </datafield>
  <datafield tag="300" ind1=" " ind2=" ">
    <subfield code="a">467</subfield>
  </datafield>
  <datafield tag="600" ind1=" " ind2=" ">
    <subfield code="a">&#x920;&#x93E;&#x915;&#x930;&#x947; &#x92A;&#x94D;&#x930;&#x92C;&#x94B;&#x927;&#x928;&#x915;&#x93E;&#x930;</subfield>
  </datafield>
  <datafield tag="630" ind1=" " ind2=" ">
    <subfield code="a">&#x92E;&#x93E;&#x91D;&#x940; &#x91C;&#x940;&#x935;&#x928; &#x917;&#x93E;&#x925;&#x93E;</subfield>
  </datafield>
  <datafield tag="700" ind1=" " ind2=" ">
    <subfield code="a">&#x920;&#x93E;&#x915;&#x930;&#x947; &#x92A;&#x94D;&#x930;&#x92C;&#x94B;&#x927;&#x928;&#x915;&#x93E;&#x930;</subfield>
  </datafield>
  <datafield tag="730" ind1=" " ind2=" ">
    <subfield code="a">&#x92E;&#x93E;&#x91D;&#x940; &#x91C;&#x940;&#x935;&#x928; &#x917;&#x93E;&#x925;&#x93E;</subfield>
  </datafield>
  <datafield tag="942" ind1=" " ind2=" ">
    <subfield code="c">BOOK</subfield>
  </datafield>
  <datafield tag="999" ind1=" " ind2=" ">
    <subfield code="c">41759</subfield>
    <subfield code="d">41759</subfield>
  </datafield>
  <datafield tag="952" ind1=" " ind2=" ">
    <subfield code="0">0</subfield>
    <subfield code="1">0</subfield>
    <subfield code="4">0</subfield>
    <subfield code="7">0</subfield>
    <subfield code="a">KALWAJAWAH</subfield>
    <subfield code="b">KALWAJAWAH</subfield>
    <subfield code="d">2002-03-31</subfield>
    <subfield code="g">15.00</subfield>
    <subfield code="l">0</subfield>
    <subfield code="o">3680</subfield>
    <subfield code="p">KLW-3680</subfield>
    <subfield code="r">2009-01-23 00:00:00</subfield>
    <subfield code="v">15.00</subfield>
    <subfield code="w">2009-01-23</subfield>
    <subfield code="y">BOOK</subfield>
  </datafield>
</record>
